000 00430cam a22001337a 4500
008 180718b1990 xxu||||| |||| 00| 0 eng d
082 _aO91x54 P274
245 _aEnvironmental impacts of industry and mining activities
_cedited by L.N. Patnaik
260 _aDelhi
_bAshish
_c1990
300 _a293p.
650 _aEnvironment - India
700 _aState Prevention and Control of Pollution Board , Orissa
700 _aPatnaik, L.N.
999 _c351775
_d351775